000 00262nam a22001097a 4500
008 170120b xxu||||| |||| 00| 0 eng d
020 _a9780815198499
041 _aeng
080 _a618.2
245 _aLEADING AND MANAGING IN NURSING
_cGUIDO, G.W
942 _2udc
_cBK
999 _c3268
_d3268